| 000 | 01067cam a22002895a 4500 | ||
|---|---|---|---|
| 001 | 16948861 | ||
| 005 | 20161011152544.0 | ||
| 008 | 110906s2011 enkb frb 001 0 eng d | ||
| 010 | _a 2011284238 | ||
| 020 | _a9781848856400 (hbk.) | ||
| 020 | _a1848856407 (hbk.) | ||
| 035 | _a(OCoLC)ocn664325512 | ||
| 040 |
_aUKM _beng _cUKM _dYDXCP _dCDX _dDEBBG _dWCL _dIXA _dDLC _dEG-ScBUE |
||
| 082 | 0 | 4 |
_a361.77 _bCHA _222 |
| 100 | 1 |
_aChaulia, Sreeram. _941456 |
|
| 245 | 1 | 0 |
_aInternational organizations and civilian protection : _bpower, ideas and humanitarian aid in conflict zones / _cSreeram Chaulia. |
| 260 |
_aLondon ; _aNew York : _bI. B.Tauris, _c2011. |
||
| 300 |
_axxii, 263 p. : _bmaps ; _c23 cm. |
||
| 490 | 0 |
_aLibrary of international relations ; _v54 |
|
| 504 | _aIncludes bibliographical references (p. [231]-258) and index. | ||
| 650 | 7 |
_aHumanitarian assistance. _2BUEsh _941457 |
|
| 650 | 7 |
_aNon-governmental organizations. _2BUEsh _941458 |
|
| 650 | 7 |
_aCivilians in war. _2BUEsh _941459 |
|
| 651 | _2BUEsh | ||
| 653 |
_bBUSBOL _cOctober2016 |
||
| 942 | _2ddc | ||
| 999 |
_c22517 _d22489 |
||